000 01004njm a2200289Ia 4500
001 73349
003 IT-RoPAU
005 20220918181147.0
008 131025s9999 xx 000 0 und d
040 _aIT-RoPAU
040 _cIT-RoPAU
041 _aPOLACCO
999 _c101787
_d101787
999 _bn.d.
100 _aMarek Piotr
_924867
100 _eAutore musica
_924868
100 _gCodice autore musica SPICS: 25454
_924869
245 _aKora Pudelsi (Lp Sx 2612)
250 _a1a ed.
260 _aPOLONIA
260 _bMUZA
_c1988 [1a Ed.:1988 - Ed. Lingua Orig.: 1988]
300 _aDISCO
500 _aMusica leggera polacca. Canzone polacca.
505 _aHoza Moyra - Wyro Pudla - Morrison - Narodziny Zbigniewa - W Krainie Ciemnosci - Bella Puppa - Rege Kocia Muzyka - Kotek Mamrotek - Tango Spizowy Ratler
650 _aCANZONE POLACCA [DISCHI]
_eCodice MATERIA SPICS: 9950
_924870
700 _aMarek Piotr
_eAutore testo e musica
_gCodice autore testo/musica SPICS: 25454
_924871
942 _cMD
_2ddc